000 00710nam a2200217Ia 4500
003 GCL
008 140319s9999 xx 000 0 ara d
040 _aGCL /
_cGCL
082 0 4 _a953.07393
_bس ن
100 1 _aسعيد عاشور
245 1 0 _aنظم الحكم والادارة فى عصر الايوبيين والمماليك /
_cسعيد عاشور
300 _a55 ص
490 _aموسوعة الحضارة العربية الاسلامية
_v0
650 0 4 _aالتاريخ
650 0 4 _aالدولة الايوبية
650 0 4 _aالمماليك
650 0 4 _aالعصور الوسطى
650 0 4 _aالحضارة الاسلامية
650 0 4 _aالايوبيون
942 _2ddc
_cBK
999 _c48154
_d48154